[Event "Portuguese Masters"]
[Site "Cascais"]
[Date "2018.08.14"]
[Round "5"]
[White "Santos, Jose Alves"]
[Black "Fidalgo, Andre Neves"]
[Result "1/2-1/2"]
[WhiteElo "2118"]
[BlackElo "2187"]
[PlyCount "87"]
[EventDate "2018.08.11"]
[EventType "tourn"]
[EventRounds "9"]
[EventCountry "POR"]
[SourceTitle "CBM 186 Extra"]
[Source "ChessBase"]
[SourceDate "2018.08.24"]
[SourceVersion "1"]
[SourceVersionDate "2018.08.24"]
[SourceQuality "1"]

1. e4 c5 2. c3 Nf6 3. e5 Nd5 4. d4 cxd4 5. cxd4 e6 6. Nf3 d6 7. Bc4 Nb6 8. Bb3 dxe5 9. Nxe5 N8d7 10. 0-0 Nxe5 11. dxe5 Qxd1 12. Rxd1 Bd7 13. Be3 Bc6 14. Nc3 Be7 15. a4 0-0 16. f4 Nd7 17. a5 Rfc8 18. Ne4 Nxe5 19. Nd6 Bxd6 20. Rxd6 Ng4 21. Bd4 Rd8 22. Rxd8+ Rxd8 23. Rd1 a6 24. h3 Nf6 25. Kf2 Ne4+ 26. Ke3 Ng3 27. Bb6 Rxd1 28. Bxd1 Kf8 29. Bc2 f5 30. Kf2 Nh5 31. g3 Ke7 32. Bc5+ Kf7 33. Bd6 Nf6 34. Ke3 h6 35. Bd3 g5 36. Be2 Ne4 37. Be5 Nf6 38. Bxf6 Kxf6 39. Kd4 Be4 40. b4 Bd5 41. Bd1 Bc6 42. Be2 Bd5 43. Bd1 Bc6 44. Be2 1/2-1/2

[Event "Portuguese Masters"]
[Site "Cascais"]
[Date "2018.08.12"]
[Round "2"]
[White "Margarido, Jose Miguel Teixeir"]
[Black "Santos, Jose Alves"]
[Result "0-1"]
[WhiteElo "2081"]
[BlackElo "2118"]
[PlyCount "78"]
[EventDate "2018.08.11"]
[EventType "tourn"]
[EventRounds "9"]
[EventCountry "POR"]
[SourceTitle "CBM 186 Extra"]
[Source "ChessBase"]
[SourceDate "2018.08.24"]
[SourceVersion "1"]
[SourceVersionDate "2018.08.24"]
[SourceQuality "1"]

1. d4 d5 2. Nf3 e6 3. c4 Nf6 4. g3 c6 5. Qc2 Ne4 6. Bg2 f5 7. 0-0 Be7 8. b3 0-0 9. Ba3 Bxa3 10. Nxa3 Nd7 11. Qb2 Rf6 12. Nc2 Qe8 13. Nce1 Rh6 14. Nd3 g5 15. e3 Nf8 16. Nde5 Qh5 17. h3 g4 18. Nd2 gxh3 19. Bf3 Qg5 20. Bxe4 h2+ 21. Kg2 fxe4 22. Rh1 Qh5 23. f3 Ng6 24. Nxg6 exf3+ 25. Kf2 Rxg6 26. Nf1 Rh6 27. Qb1 e5 28. Rxh2 Qxh2+ 29. Nxh2 Rxh2+ 30. Kxf3 e4+ 31. Kf4 Bd7 32. Qg1 Rh5 33. g4 Rf8+ 34. Kg3 Rf3+ 35. Kg2 Bxg4 36. Qe1 Bh3+ 37. Kg1 Rg5+ 38. Kh1 Bg2+ 39. Kg1 Bf1+ 0-1

[Event "Portuguese Masters"]
[Site "Cascais"]
[Date "2018.08.11"]
[Round "1"]
[White "Santos, Jose Alves"]
[Black "Martins, David Pires Tavares"]
[Result "0-1"]
[WhiteElo "2118"]
[BlackElo "2397"]
[PlyCount "32"]
[EventDate "2018.08.11"]
[EventType "tourn"]
[EventRounds "9"]
[EventCountry "POR"]
[SourceTitle "CBM 186 Extra"]
[Source "ChessBase"]
[SourceDate "2018.08.24"]
[SourceVersion "1"]
[SourceVersionDate "2018.08.24"]
[SourceQuality "1"]

1. e4 e6 2. Nc3 d5 3. d4 Nf6 4. Bg5 Bb4 5. e5 h6 6. Be3 Ne4 7. Qd3 c5 8. dxc5 Nc6 9. f3 Nxc5 10. Bxc5 Bxc5 11. f4 Qb6 12. Nf3 Bd7 13. a3 Qxb2 14. Rb1 Qxa3 15. Rxb7 Nb4 16. Qd2 Be3 0-1

[Event "Lisbon Portugal op"]
[Site "Lisbon"]
[Date "2018.02.04"]
[Round "2"]
[White "Santos, Jose Alves"]
[Black "Venkatesh, Marani Rajendran"]
[Result "0-1"]
[WhiteElo "2150"]
[BlackElo "2445"]
[PlyCount "52"]
[EventDate "2018.02.03"]
[EventType "swiss"]
[EventRounds "9"]
[EventCountry "POR"]
[SourceTitle "CBM 182 Extra"]
[Source "ChessBase"]
[SourceDate "2018.02.23"]
[SourceVersion "1"]
[SourceVersionDate "2018.02.23"]
[SourceQuality "1"]

1. e4 c5 2. c3 Nf6 3. e5 Nd5 4. Nf3 e6 5. d4 cxd4 6. cxd4 d6 7. Bc4 Nb6 8. Bb3 dxe5 9. Nxe5 Nc6 10. Nxc6 bxc6 11. 0-0 Bd6 12. Nd2 0-0 13. Re1 Qc7 14. Qh5 Nd5 15. Ne4 Bb4 16. Rd1 Rd8 17. Bc2 h6 18. Bxh6 gxh6 19. Rd3 Bf8 20. Rg3+ Bg7 21. Re1 Rb8 22. Bb3 Nf4 23. Qg4 Ng6 24. h4 Qf4 25. h5 Qxg4 26. Rxg4 Ne7 0-1

[Event "POR-chT"]
[Site "Leiria"]
[Date "2017.07.18"]
[Round "3.4"]
[White "Iturrizaga Bonelli, Eduardo"]
[Black "Santos, Jose Alves"]
[Result "1-0"]
[WhiteElo "2664"]
[BlackElo "2196"]
[PlyCount "53"]
[EventDate "2017.07.17"]
[EventType "team-tourn"]
[EventRounds "9"]
[EventCountry "POR"]
[SourceTitle "CBM 179 Extra"]
[Source "ChessBase"]
[SourceDate "2017.08.23"]
[SourceVersion "1"]
[SourceVersionDate "2017.08.23"]
[SourceQuality "1"]
[WhiteTeam "Gaia"]
[BlackTeam "Portugal/Atlantidiagonal"]
[WhiteTeamCountry "POR"]
[BlackTeamCountry "POR"]

1. Nf3 d5 2. c4 e6 3. g3 c6 4. b3 Nf6 5. Bb2 Be7 6. Bg2 0-0 7. 0-0 b5 8. d3 Bb7 9. Qc2 Na6 10. a3 Rc8 11. Rd1 Re8 12. Nbd2 Nd7 13. e4 Bf6 14. b4 e5 15. Nb3 Nb6 16. c5 Na4 17. d4 Nxb2 18. Qxb2 exd4 19. e5 Bxe5 20. Nxe5 Rxe5 21. Nxd4 Qf6 22. a4 bxa4 23. Rxa4 Rce8 24. Qd2 Qe7 25. Bf1 Nb8 26. Rxa7 Rc8 27. f4 1-0

[Event "Lisbon Portugal rapid op"]
[Site "Lisbon"]
[Date "2017.02.11"]
[Round "4"]
[White "Santos, Jose Alves"]
[Black "Veiga, Jose Francisco RP"]
[Result "1-0"]
[WhiteElo "2193"]
[BlackElo "2069"]
[PlyCount "63"]
[EventDate "2017.02.11"]
[EventType "swiss (rapid)"]
[EventRounds "8"]
[EventCountry "POR"]
[SourceTitle "CBM 176 Extra"]
[Source "ChessBase"]
[SourceDate "2017.03.02"]
[SourceVersion "1"]
[SourceVersionDate "2017.03.02"]
[SourceQuality "1"]

1. e4 c5 2. f4 Nc6 3. b3 b6 4. Bb2 Nf6 5. Nc3 d6 6. Nf3 Bb7 7. e5 dxe5 8. fxe5 Nd5 9. Nxd5 Qxd5 10. Bc4 Qe4+ 11. Kf2 e6 12. Rf1 Be7 13. Kg1 0-0-0 14. a4 g5 15. d3 Qe3+ 16. Kh1 Qf4 17. Bc1 Qg4 18. Nxg5 Qxd1 19. Rxd1 Nxe5 20. Nxf7 Rhg8 21. Bxe6+ Nd7 22. Nxd8 Bxg2+ 23. Kg1 Rg7 24. Bb2 Rg6 25. Bf5 Rg5 26. Bxd7+ Kxd7 27. Nf7 Rg8 28. Kf2 Bh4+ 29. Ke3 Re8+ 30. Kd2 Re7 31. Rg1 Bf3 32. Ne5+ 1-0

[Event "Lisbon Portugal op"]
[Site "Lisbon"]
[Date "2017.02.07"]
[Round "6"]
[White "Santos, Jose Alves"]
[Black "Veiga, Jose Francisco RP"]
[Result "1/2-1/2"]
[WhiteElo "2193"]
[BlackElo "2069"]
[PlyCount "104"]
[EventDate "2017.02.04"]
[EventType "swiss"]
[EventRounds "9"]
[EventCountry "POR"]
[SourceTitle "CBM 176 Extra"]
[Source "ChessBase"]
[SourceDate "2017.03.02"]
[SourceVersion "1"]
[SourceVersionDate "2017.03.02"]
[SourceQuality "1"]

1. e4 c5 2. Nc3 Nc6 3. g3 g6 4. Bg2 Bg7 5. d3 e6 6. Be3 d6 7. f4 Nge7 8. Nf3 Nd4 9. 0-0 0-0 10. Bf2 Rb8 11. h4 b5 12. a3 a5 13. Nxd4 cxd4 14. Ne2 e5 15. c3 dxc3 16. bxc3 Bg4 17. Qd2 d5 18. fxe5 Bxe5 19. Nd4 Qc7 20. exd5 Nf5 21. Qg5 h5 22. Nxf5 Bxf5 23. d4 Bg7 24. Be1 b4 25. axb4 axb4 26. Rxf5 gxf5 27. Bh3 Qd6 28. Bxf5 Qh6 29. Qxh6 Bxh6 30. cxb4 Be3+ 31. Kg2 Rfd8 32. Be4 Bxd4 33. Rd1 Be5 34. Rc1 Bd6 35. Rc4 Rb5 36. Bf3 Rdb8 37. Bd2 Bxb4 38. Bxb4 Rxb4 39. Rxb4 Rxb4 40. Bxh5 Kg7 41. Bf3 Kf6 42. g4 Ke5 43. Kg3 f6 44. h5 Rb7 45. Kh4 Kf4 46. Bg2 Rg7 47. Bh3 Ke5 48. h6 Rg6 49. Kh5 Rg5+ 50. Kh4 Rg6 51. g5 fxg5+ 52. Kh5 Rxh6+ 1/2-1/2

[Event "Lisbon Portugal op"]
[Site "Lisbon"]
[Date "2017.02.04"]
[Round "2"]
[White "Santos, Jose Alves"]
[Black "Perunovic, Milos"]
[Result "0-1"]
[WhiteElo "2193"]
[BlackElo "2604"]
[PlyCount "78"]
[EventDate "2017.02.04"]
[EventType "swiss"]
[EventRounds "9"]
[EventCountry "POR"]
[SourceTitle "CBM 176 Extra"]
[Source "ChessBase"]
[SourceDate "2017.03.02"]
[SourceVersion "1"]
[SourceVersionDate "2017.03.02"]
[SourceQuality "1"]

1. e4 c5 2. c3 Nf6 3. e5 Nd5 4. d4 cxd4 5. cxd4 d6 6. Nf3 Nc6 7. Bc4 dxe5 8. dxe5 Ndb4 9. Qb3 e6 10. Bg5 Qd7 11. Bb5 a6 12. Be2 h6 13. Bd2 b5 14. 0-0 Bb7 15. a3 Nd5 16. Nc3 Na5 17. Qd1 Nc4 18. Nxd5 Bxd5 19. Bc3 Rc8 20. Qd4 Bc5 21. Qg4 0-0 22. Rad1 Qc7 23. Rfe1 Rfd8 24. Qg3 Qb6 25. Rd3 a5 26. b4 Be7 27. bxa5 Nxa5 28. Rb1 Bc4 29. Rxd8+ Rxd8 30. Bxc4 Nxc4 31. a4 b4 32. Be1 Na3 33. Rb2 Qc6 34. Qf4 Qxa4 35. h3 Nc2 36. Kh2 Nxe1 37. Nxe1 Qa1 38. Re2 b3 39. Qc4 b2 0-1

[Event "POR CupT Associations"]
[Site "Foz do Arelho"]
[Date "2016.07.21"]
[Round "3.1"]
[White "Sousa, Andre Ventura"]
[Black "Santos, Jose Alves"]
[Result "1-0"]
[WhiteElo "2380"]
[BlackElo "2190"]
[PlyCount "49"]
[EventDate "2016.07.20"]
[EventType "team-k.o."]
[EventRounds "3"]
[EventCountry "POR"]
[SourceTitle "EXT 2018"]
[Source "ChessBase"]
[SourceDate "2017.10.13"]
[SourceVersion "1"]
[SourceVersionDate "2017.10.13"]
[SourceQuality "1"]
[WhiteTeam "Dias Ferreira"]
[BlackTeam "Portugal/Atlantidiagonal"]
[WhiteTeamCountry "POR"]
[BlackTeamCountry "POR"]

1. e4 e5 2. Nf3 Nc6 3. Bc4 Bc5 4. 0-0 Nf6 5. d3 d6 6. h3 0-0 7. a3 Ne7 8. Nc3 Ng6 9. Na4 c6 10. Nxc5 dxc5 11. b4 cxb4 12. axb4 Qe7 13. Qe1 Be6 14. Be3 b6 15. Ba6 Nh5 16. Qc3 Qf6 17. Bg5 Nhf4 18. Kh2 Ne2 19. Qd2 Qxf3 20. gxf3 Nd4 21. Qd1 f5 22. c3 Nb3 23. Ra3 h6 24. Be3 fxe4 25. fxe4 1-0

[Event "Portugal op"]
[Site "Oeiras"]
[Date "2015.08.31"]
[Round "3"]
[White "Santos, Jose Alves"]
[Black "Castanheira, Antonio Pedro Ribei"]
[Result "1-0"]
[WhiteElo "2205"]
[BlackElo "1944"]
[PlyCount "99"]
[EventDate "2015.08.30"]
[EventType "swiss"]
[EventRounds "9"]
[EventCountry "POR"]
[SourceTitle "EXT 2016"]
[Source "ChessBase"]
[SourceDate "2015.10.08"]
[SourceVersion "1"]
[SourceVersionDate "2015.10.08"]
[SourceQuality "1"]

1. e4 e5 2. Nf3 Nc6 3. Bb5 a6 4. Bxc6 dxc6 5. 0-0 Bg4 6. h3 Bxf3 7. Qxf3 g6 8. d3 Bg7 9. Nc3 Ne7 10. Qg3 0-0 11. f4 exf4 12. Bxf4 Rc8 13. Rae1 c5 14. Kh1 b5 15. Rf3 Qd7 16. Ref1 b4 17. Nd1 f5 18. Be3 Qd6 19. Qf2 Bd4 20. c3 Bxe3 21. Nxe3 Nc6 22. Nc4 Qe7 23. exf5 gxf5 24. Rxf5 Rcd8 25. Rxf8+ Rxf8 26. Qxf8+ Qxf8 27. Rxf8+ Kxf8 28. Kg1 Ke7 29. Kf2 Ke6 30. Kf3 a5 31. a4 Kf5 32. g4+ Ke6 33. h4 Kf6 34. Ke4 Ke6 35. g5 Ne7 36. Nxa5 bxc3 37. bxc3 Nd5 38. c4 Nc3+ 39. Kf4 Nxa4 40. Nb7 Nb2 41. Nxc5+ Kd6 42. Ne4+ Ke7 43. Nf2 Ke6 44. h5 c6 45. h6 Kf7 46. Kf5 c5 47. Ng4 Nxd3 48. Ne5+ Nxe5 49. Kxe5 Kg6 50. Kd6 1-0

[Event "POR-ch Seniors rapid"]
[Site "Sao Pedro do Sul"]
[Date "2015.01.10"]
[Round "2"]
[White "Nunes, Fernando"]
[Black "Santos, Jose Alves"]
[Result "0-1"]
[WhiteElo "1765"]
[BlackElo "2143"]
[PlyCount "90"]
[EventDate "2015.01.10"]
[EventType "swiss (rapid)"]
[EventRounds "6"]
[EventCountry "POR"]
[SourceTitle "EXT 2018"]
[Source "ChessBase"]
[SourceDate "2017.10.13"]
[SourceVersion "1"]
[SourceVersionDate "2017.10.13"]
[SourceQuality "1"]

1. d4 d5 2. Nf3 e6 3. Bf4 c6 4. e3 f5 5. c4 Nf6 6. Nc3 Be7 7. Bd3 0-0 8. 0-0 Bd7 9. a3 Ne4 10. Qc2 Be8 11. h3 g5 12. Be5 Bg6 13. Nh2 Nd7 14. b4 Rc8 15. f4 h5 16. Nf3 g4 17. hxg4 hxg4 18. Bxe4 dxe4 19. Ng5 Bxg5 20. fxg5 Nxe5 21. dxe5 Qxg5 22. Qf2 Rcd8 23. Rad1 g3 24. Qf4 Qxf4 25. exf4 Bh5 26. Rd6 Kf7 27. Re1 Rxd6 28. exd6 e5 29. fxe5 Ke6 30. Re3 Kxe5 31. c5 Kd4 32. Rxg3 f4 33. Rg5 Kxc3 34. Rxh5 e3 35. Re5 Kd2 36. d7 Rd8 37. Re7 Ke2 38. Rf7 Ke1 39. Re7 e2 40. Re4 f3 41. gxf3 Rxd7 42. f4 Rg7+ 43. Kh2 Kf2 44. Kh3 Kf3 45. Rxe2 Rh7# 0-1